Pedoman kuliah perbandingan sistim perekonomian. (Record no. 72215)

MARC details
000 -LEADER
fixed length control field 00606cam a22002171 4500
001 - CONTROL NUMBER
control field sa 67000793
003 - CONTROL NUMBER IDENTIFIER
control field DLC
005 - DATE AND TIME OF LATEST TRANSACTION
control field 20260227112317.0
008 - FIXED-LENGTH DATA ELEMENTS--GENERAL INFORMATION
fixed length control field 890414m19639999xx 000 0 ind
010 ## - LIBRARY OF CONGRESS CONTROL NUMBER
LC control number sa 67000793
035 ## - SYSTEM CONTROL NUMBER
System control number (OCoLC)23542188
040 ## - CATALOGING SOURCE
Original cataloging agency DLC
Transcribing agency MiU
Modifying agency DLC
042 ## - AUTHENTICATION CODE
Authentication code premarc
050 00 - LIBRARY OF CONGRESS CALL NUMBER
Classification number HB54
Item number .P7
100 1# - MAIN ENTRY--PERSONAL NAME
Personal name H., Soetrisno P.
245 10 - TITLE STATEMENT
Title Pedoman kuliah perbandingan sistim perekonomian.
260 ## - PUBLICATION, DISTRIBUTION, ETC.
Place of publication, distribution, etc. Jogjakarta,
Name of publisher, distributor, etc. Penerbit Diktat U. G. M. Dwitunggal
Date of publication, distribution, etc. [1963?-]
300 ## - PHYSICAL DESCRIPTION
Extent v, 22 cm.
650 #0 - SUBJECT ADDED ENTRY--TOPICAL TERM
Topical term or geographic name entry element Comparative economics
740 0# - ADDED ENTRY--UNCONTROLLED RELATED/ANALYTICAL TITLE
Uncontrolled related/analytical title Perbandingan sistim perekonomian.

No items available.

Powered by Koha